000 00792nam a2200205 a 4500
001 000016612
005 20200929164934.0
008 100308s1974 ag a 000 0 spa d
040 _aDO-SdBNP
_bspa
_cBNPHU
082 _a683.88
_bP844r
100 1 _aPorter, Cliff
_936909
240 1 0 _aBasic appliance repair.
_lEspañol
245 1 0 _aReparación básica de artefactos domésticos. /
_cCliff Porter; traducción de Jorge E. Ferraresi.
260 _aBuenos Aires, Argentina :
_bCentro Regional de Ayuda Técnica,
_bGlem,
_c1974.
300 _a128 p. :
_bil. ;
_c23 cm.
534 _aTítulo original
_tBasic appliance repair
650 4 _aElectrodomésticos
_xCuidado y reparación
_936910
650 4 _aElectricidad
_xAparatos e instrumentos
_936911
700 1 _aFerraresi, Jorge E.,
_etr.
_936912
999 _c16145
_d16145